El espejo en el espejo: un laberinto

Gorde:
Xehetasun bibliografikoak
Egile nagusia: Ende, Michael (Egilea)
Formatua: Liburua
Hizkuntza:gaztelania
Argitaratua: Madrid Alfaguara 1997
Edizioa:2a. ed
Gaiak:
Etiketak: Etiketa erantsi
Etiketarik gabe, Izan zaitez lehena erregistro honi etiketa jartzen!

MARC

LEADER 00000nam a2200000 a 4500
001 UCP5788
003 CL-VaPUC
008 990927e19970000SP |||||||||||||||||spa|d
082 0 4 |a 833  |b END  |2 21 
100 0 |a Ende, Michael  |e author  |9 237 
245 1 3 |a El espejo en el espejo: un laberinto 
250 |a 2a. ed 
300 |a 261 p 
942 |c BK 
945 |d 19990927 00:00:00  |a cmena 
260 |a Madrid  |b Alfaguara  |c 1997 
650 0 |a Novelas alemanas   |9 265783 
650 0 |a Literatura alemana   |9 265457 
583 |a last modification  |c 19990927 00:00:00  |k Rodrigo Vera 
999 |c 283453  |d 283451 
952 |0 0  |1 0  |4 0  |6 833_000000000000000_END_1997  |7 0  |8 A  |9 326634  |a BIBEDU  |b BIBEDU  |d 2019-11-20  |i 3564738  |l 1  |m 1  |o 833 END 1997  |p 3564738  |r 2022-09-26  |s 2022-09-13  |w 2019-11-20  |y BK  |k EPE